000 00872nam a22002537i 4500
003 URS
005 20220117094900.0
008 170304b xxu||||| |||| 00| 0 eng d
020 _a9710388668
040 _erda
_cCollege
_beng
050 0 0 _aDS668
_bG1651 2009
082 _aFil 659.9
_bG16f 2009
100 1 _aGarcia, Carlito D. ,
_eauthor
245 1 0 _aThe Filipinos and their Struggles for Freedom and Survival : A Textbook in Philippine History for College Students
_cCarlito D. Garcia and Florante C. Agdon
264 1 _aMandaluyong City
_bBooks Atbp., Pub. Corporation
_c2009.
300 _axii, 250 pages
_billustrated
_c25 cm.
336 _2rdacontent
_atext
337 _2rdamedia
_aunmediated
338 _2rdacarrier
_avolume
504 _aIncludes references and appendix
650 _aPhilippine History
700 _aFlorante C. Agdon
942 _2lcc
_cF
999 _c11838
_d11838